• 首页
  • 本馆介绍
  • 公告通知
  • 最新文献
  • 馆藏检索
  • 电子资源
  • 读者导购
  • 参考咨询
  • 我的图书馆
  • 登录
  • 详细信息显示
  • 放入我的书架
  • 预约/预借图书
  • 作者相关作品
  • 分类相关作品
  • 丛书相关作品
  • 出版社相关作品

书目信息

  • 表格格式
  • 工作单格式
  • 卡片格式
题名:
美国华裔文学选读
    
 
作者: 徐颖果 编著
分册:  
出版信息: 天津   南开大学出版社  2004.08
页数: 373页
开本: 21cm
丛书名:
单 册:
中图分类: I712.065
科图分类:
主题词: 文学
电子资源:
ISBN: 7-310-02072-3
000 00553nam0 2200193 450
001 0437873608
005 20041102103113.43
010    @a7-310-02072-3@dCNY27.00
100    @a20041103d2004 km y0chiy0120 ea
101 0  @achi
102    @aCN@b120000
200 1  @a美国华裔文学选读@Amei guo hua yi wen xue xuan du@f徐颖果编著@Fxu ying guo bian zhu
210    @a天津@c南开大学出版社@d2004.08
215    @a373页@d21cm
606 0  @a文学
690    @aI712.065@v4
701  0 @a徐颖果@Axu ying guo@4编著
801  0 @aCN@bPFT@c20041103
905    @aBZT@dI712.065@e2@f6
    
    美国华裔文学选读/徐颖果编著.-天津:南开大学出版社,2004.08
    373页;21cm
    
    
    ISBN 7-310-02072-3:CNY27.00
    
●
相关链接 在五车中查询图书 在当当中查询图书 在豆瓣中查询图书


正题名:美国华裔文学选读     索取号:I712.065/2         预约/预借

序号 登录号 条形码 馆藏地/架位号 状态 备注
1 0372512   200930083   样本书库/样006架A面4层1列/ [索取号:I712.065/2] 在馆    
2 0372513   200930092   中心书库中库/打包BH1567/ [索取号:I712.065/2] 在馆    
3 0372514   200930065   中心书库中库/打包BH1567/ [索取号:I712.065/2] 在馆    
4 0372515   200930074   中心书库中库/打包BH1567/ [索取号:I712.065/2] 在馆    
5 0372516   200930127   中心书库中库/打包BH1567/ [索取号:I712.065/2] 在馆    
6 0372517   200930136   中心书库中库/打包BH1567/ [索取号:I712.065/2] 在馆    
山东省滨州职业学院图书馆 欢迎您!
大连网信软件有限公司© 版权所有